|
|
|
|
| LEADER |
00000nam2a2200000 4500 |
| 001 |
235841 |
| 005 |
20231101231429.0 |
| 020 |
|
|
|a RU
|b 88-367
|
| 035 |
|
|
|a (RuTPU)RU\TPU\book\256983
|
| 035 |
|
|
|a RU\TPU\book\129107
|
| 090 |
|
|
|a 235841
|
| 100 |
|
|
|a 20130417d1984 k y0rusy5003 ca
|
| 101 |
1 |
|
|a rus
|c eng
|
| 102 |
|
|
|a UA
|
| 105 |
|
|
|a a z 101zy
|
| 200 |
0 |
|
|a Вып. 8: Материалы VII Международной конференции по вакуумной металлургии, специальным видам плавки и металлургическим покрытиям, 26-30 ноября 1982 г., г. Токио, Япония
|e пер. с англ.
|f Электрошлаковый переплав, конференция
|
| 210 |
|
|
|d 1984
|
| 215 |
|
|
|a 220 с.
|c ил.
|
| 320 |
|
|
|a Библиогр. в конце ст.
|
| 461 |
|
1 |
|0 (RuTPU)RU\TPU\book\129107
|t Электрошлаковый переплав
|o [сборник статей]
|f под ред. Б. И. Медовара
|v Вып. 8: Материалы VII Международной конференции по вакуумной металлургии, специальным видам плавки и металлургическим покрытиям, 26-30 ноября 1982 г., г. Токио, Япония
|d 1973-
|
| 606 |
1 |
|
|a Электрошлаковый переплав
|x Тепловые процессы
|2 stltpush
|3 (RuTPU)RU\TPU\subj\21033
|9 46083
|
| 610 |
1 |
|
|a конференции
|
| 610 |
1 |
|
|a сборники
|
| 675 |
|
|
|a 669.187.5
|v 3
|
| 712 |
1 |
0 |
|a Электрошлаковый переплав
|b конференция
|d 8
|e Токио
|f 1982
|
| 801 |
|
0 |
|a RU
|b RuMRKP
|c 19950417
|g psbo
|
| 801 |
|
1 |
|a RU
|b 63413507
|c 20070628
|g PSBO
|
| 801 |
|
2 |
|a RU
|b 63413507
|c 20130424
|g PSBO
|
| 942 |
|
|
|c BK
|